000 00303nam a22001337a 4500
008 170930b xxu||||| |||| 00| 0 eng d
020 _a9781933005263
041 _aeng
080 _a37
100 _a47
101 _aEDU
245 _aCOMMUNICATION RESEARCH STYLE MANUAL
_cSPARKS, L
942 _2udc
_cBK
999 _c30982
_d30982